00472 a2200145 450000500170000002000180001708200190003510000190005424500460007325000120011926000490013130000480018070000140022885600840024220250623113856.0 a0-13-148146-0 aLM 515.353 EDW aEDWARDS, C. H. aDifferential Equations and Linear Algebra a2nd Ed. aNew Jersey,bPearson & Prentice Hall,c1975. axv,759p.Ill.; figure & table.bIndexc26cm. aPENNY, D. yAccess Online BookfDifferential Equations and Linear Algebradwww.prenhall.com